MESTSKÁ KNIŽNICA GIRALTOVCE  - online katalóg 

Vademecum medici (Record no. 19917)

000 -NÁVESTIE
fixed length control field 00892nam a2200289 a 4500
008 - ÚDAJE S PEVNOU DĹŽKOU – VŠEOBECNÉ INFORMÁCIE
fixed length control field 031210s2003 xo a g 0 slo c
020 ## - MEDZINÁRODNÉ ŠTANDARDNÉ ČÍSLO KNIHY (ISBN)
Medzinárodné štandardné číslo knihy (ISBN) 8080631158
Údaje o dostupnosti Dar
040 ## - ZDROJ KATALOGIZÁCIE
Pôvodná katalogizujúca agentúra SNK
Jazyk katalogizácie slo
Prepisujúca agentúra SNK
Konvencie popisu AACR2
041 1# - KÓD JAZYKA
Kód jazyka textu/zvukovej stopy alebo samostatných nápisov slo
044 ## - KÓD KRAJINY VYDAVATEĽA/PRODUCENTA
Kód krajiny MARC xo
Kód krajiny ISO SK
072 #7 - KÓD PREDMETOVEJ KATEGÓRIE
Kód predmetovej kategórie 61
Zdroj SNK
080 ## - ČÍSLO MEDZINÁRODNÉHO DESATINNÉHO TRIEDENIA (MDT)
Číslo Medzinárodného desatinného triedenia (MDT) 61
080 ## - ČÍSLO MEDZINÁRODNÉHO DESATINNÉHO TRIEDENIA (MDT)
Číslo Medzinárodného desatinného triedenia (MDT) (035)
080 ## - ČÍSLO MEDZINÁRODNÉHO DESATINNÉHO TRIEDENIA (MDT)
Číslo Medzinárodného desatinného triedenia (MDT) 61(035)
080 ## - ČÍSLO MEDZINÁRODNÉHO DESATINNÉHO TRIEDENIA (MDT)
Číslo Medzinárodného desatinného triedenia (MDT) 616(035)
245 10 - NÁZOV
Názov Vademecum medici
Údaj o zodpovednosti atď. [hlavní zostavovatelia: Miroslav Šašinka, Štefan Nyulassy, Ladislav Badalík]
250 ## - ÚDAJ O PORADÍ VYDANIA
Údaj o poradí vydania 6. preprac., aktualizované., dopl. a rozš. vyd.
260 ## - VYDAVATEĽSKÉ ÚDAJE, DISTRIBÚCIA ATĎ.
Miesto publikovania, distribúcie atď. Martin
Názov vydavateľa, distibútora atď. Osveta
Dátum publikovania, distribúcie atď. c2003
300 ## - FYZICKÝ POPIS
Rozsah 2252 s.
Ďalšie fyzické detaily fotogr., sch., tab.
Rozmery 21 cm
650 07 - PRIDANÝ VSTUP – PREDMET – TEMATICKÉ HESLO
Tematické heslo alebo geografický názov ako vstupný prvok medicína praktická
Všeobecný pododdiel príručky
Zdroj hesla alebo termínu SNK
650 07 - PRIDANÝ VSTUP – PREDMET – TEMATICKÉ HESLO
Tematické heslo alebo geografický názov ako vstupný prvok medicína
Zdroj hesla alebo termínu SNK
650 07 - PRIDANÝ VSTUP – PREDMET – TEMATICKÉ HESLO
Tematické heslo alebo geografický názov ako vstupný prvok Lekárske vedy. Medicína
Zdroj hesla alebo termínu SNK
700 1# - PRIDANÝ VSTUP – OSOBNÉ MENO
Osobné meno Šašinka, Miroslav
Dátumy súvisiace s menom 1935-
Kód roly com
700 1# - PRIDANÝ VSTUP – OSOBNÉ MENO
Osobné meno Nyulassi, Štefan
Kód roly com
700 1# - PRIDANÝ VSTUP – OSOBNÉ MENO
Osobné meno Badalík, Ladislav
Dátumy súvisiace s menom 1938-
Kód roly com
958 ## - Formálny deskriptor
Formálny deskriptor APP
Holdings
Stav stiahnutia (Blokovanie) (Withrawn status) Stav straty Zdroj klasifikácie pre skladovanie Stav poškodenia (Damaged status) Nie pre výpožičky (Not for loan) Spôsob nadobudnutia (Collection code) Trvalé umiestnenie Aktuálne umiestnenie Dátum nadobudnutia Inventárne číslo (prírastkové číslo) Celkom výpožičky Full call number Čiarový kód Vypožičaných Dátum posledného výskytu Dátum poslednej výpôžičky Cena s účinnosťou od Typ jednotky Koha
          Dar Mestská knižnica Giraltovce Mestská knižnica Giraltovce 2019-11-29 18 403 2 V278 V278 2026-05-22 2026-04-22 2026-04-22 2019-11-29 Odborná literatúra pre dospelých

Powered by Koha